| 000 | 00633nam a2200193 i 4500 | ||
|---|---|---|---|
| 001 | 21510 | ||
| 003 | ES-MaACL | ||
| 005 | 20250430203725.0 | ||
| 007 | t| | ||
| 008 | 021126s1968 sp ||||1| spa d | ||
| 100 | 1 |
_aAlberti, Rafael, _d1902-1999 _9240174 |
|
| 245 | 1 | 0 |
_aLibro del mar / _cRafael Alberti ; fotografías de F. Catalá Roca ; selección de Aitana Alberti. |
| 260 |
_a[Barcelona] : _bLumen, _c[1968] |
||
| 300 |
_a132 p., 18 lám. : _bil. ; _c22 cm. |
||
| 700 | 1 |
_aCatalà-Roca, Francesc. _937014 |
|
| 700 | 1 |
_aAlberti, Aitana. _919334 |
|
| 852 |
_aES-MaACL _jC-35187 _bR.67708 |
||
| 999 |
_c21510 _d21510 |
||